Statistics for Enlarging Countries

Click here to take the quiz!

General Stats

  • This quiz has been taken 78 times
  • The average score is 4 of 7

Answers on the Map

Answers color-coded by a green-red scale on the quiz's map according to % correct below.
 

Answer Stats

Answer% Correct
Russia
99%
Sweden
91%
Madagascar
61%
Venezuela
57%
Tunisia
49%
Iceland
46%
Phillippines
43%

Score Distribution

Percentile by Number Answered

Percent of People with Each Score

Your Score History

You have not taken this quiz